Racionálne emočná behaviorálna terapia v praxi sociálnej práce a limity

Bibliographic Details
Main Authors: Kahan, Ján, 1979- (Author), Žiaková, Eva, 1953- (Author)
Format: Article
Language:Slovak
PhysicalDescription:Tabuľky
ISBN:9788081526015
Subjects:
Online Access://www.unibook.upjs.sk/img/cms/2018/ff/premeny-socialnej-prace-v-cas-web.pdf

MARC

LEADER 00000nab a2200000 4500
001 vtls012132749
003 SK-MaSNL
005 20260304210400.0
008 220428|2018 xo |||| ||an ||00 0|slo
015 |a SNBRB2022/04 
040 |a SPKCL  |b slo  |e rda 
041 |a slo  |b slo  |b eng 
044 |a xo  |c SK 
072 7 |a 364-1/-7  |x Druhy sociálnej pomoci a služieb  |2 konspekt 
080 |a 364-785.62  |2 2011 
100 1 |a Kahan, Ján,  |d 1979-  |4 aut  |9 361919 
245 1 0 |a Racionálne emočná behaviorálna terapia v praxi sociálnej práce a limity  |c Ján Kahan, Eva Žiaková 
300 |b Tabuľky 
336 |a text  |b txt  |2 rdacontent 
337 |a bez média  |b n  |2 rdamedia 
338 |a zväzok  |b nc  |2 rdacarrier 
504 |a Obsahuje bibliografiu 
546 |a Anglické a slovenské resumé 
650 0 7 |a sociálna práca  |2 SNKPH  |9 1550 
650 0 7 |a behaviorálna terapia  |2 SNKPH  |9 83566 
655 7 |a BZB  |2 SNKPH  |9 1080216 
700 1 |a Žiaková, Eva,  |d 1953-  |4 aut  |9 188628 
773 0 |t Premeny sociálnej práce v čase : 6. ročník Košických dní sociálnej práce  |d Košice : Univerzita Pavla Jozefa Šafárika v Košiciach, 2018  |g S. 34-44  |h online  |z 9788081526015 
856 4 1 |u //www.unibook.upjs.sk/img/cms/2018/ff/premeny-socialnej-prace-v-cas-web.pdf 
958 |a NB 
999 |c 3125841  |d 3127771